[Event "DEM U16 2019"]
[Site "Willingen GER"]
[Date "2019.06.13"]
[Round "7"]
[White "Suvorov, Alexander"]
[Black "Köllner, Ruben Gideon"]
[Result "1-0"]
[Termination "normal"]
[Board "2"]
[WhiteTitle "FM"]
[WhiteElo "2321"]
[BlackElo "2290"]
[WhiteClock "00:10:45"]
[BlackClock "00:21:13"]
[PlyCount "119"]
[WhiteFideId "12977063"]
[BlackFideId "12993093"]
[EventCountry "GER"]
[EventRounds "9"]
[EventType "swiss"]
[EventDate "2019.06.08"]

1. d4 {[%clk 1:30:57]} 1... Nf6 {[%clk 1:30:56]} 2. Bf4 {[%clk 1:31:11]} 2...
d6 {[%clk 1:30:23]} 3. e3 {[%clk 1:31:03]} 3... g6 {[%clk 1:30:28]} 4. h3 {
[%clk 1:30:28]} 4... Bg7 {[%clk 1:30:44]} 5. Nf3 {[%clk 1:30:47]} 5... O-O {
[%clk 1:30:16]} 6. Be2 {[%clk 1:31:04]} 6... Nfd7 {[%clk 1:28:16]} 7. O-O {
[%clk 1:28:32]} 7... e5 {[%clk 1:27:48]} 8. Bh2 {[%clk 1:28:48]} 8... Nc6 {
[%clk 1:24:46]} 9. c3 {[%clk 1:26:31]} 9... h6 {[%clk 1:24:32]} 10. Na3 { [%clk
1:23:24]} 10... f5 {[%clk 1:18:58]} 11. b4 {[%clk 1:12:15]} 11... Qe7 { [%clk
1:12:48]} 12. Qc2 {[%clk 0:56:36]} 12... e4 {[%clk 1:01:32]} 13. Nd2 { [%clk
0:55:39]} 13... g5 {[%clk 1:00:38]} 14. b5 {[%clk 0:52:47]} 14... Nd8 { [%clk
1:00:56]} 15. c4 {[%clk 0:51:43]} 15... b6 {[%clk 0:59:11]} 16. Qb3 { [%clk
0:39:51]} 16... Kh8 {[%clk 0:53:39]} 17. Nc2 {[%clk 0:39:08]} 17... Bb7 { [%clk
0:52:43]} 18. Nb4 {[%clk 0:38:07]} 18... Qf7 {[%clk 0:52:19]} 19. f3 { [%clk
0:28:15]} 19... exf3 {[%clk 0:43:12]} 20. Bxf3 {[%clk 0:28:15]} 20... Bxf3
{[%clk 0:43:34]} 21. Rxf3 {[%clk 0:27:51]} 21... Qh5 {[%clk 0:35:50]} 22. Raf1
{[%clk 0:24:45]} 22... g4 {[%clk 0:33:42]} 23. hxg4 {[%clk 0:24:43]} 23... fxg4
{[%clk 0:34:05]} 24. Rxf8+ {[%clk 0:24:35]} 24... Nxf8 {[%clk 0:34:28]} 25. Qd3
{[%clk 0:24:15]} 25... Nde6 {[%clk 0:32:32]} 26. Qf5 {[%clk 0:22:54]} 26... Qh4
{[%clk 0:29:42]} 27. Ne4 {[%clk 0:22:43]} 27... Re8 {[%clk 0:27:34]} 28. Bg3
{[%clk 0:22:52]} 28... Qd8 {[%clk 0:23:15]} 29. Qxg4 {[%clk 0:22:12]} 29... Nh7
{[%clk 0:22:46]} 30. Nd5 {[%clk 0:21:18]} 30... Neg5 {[%clk 0:21:30]} 31. Nxg5
{[%clk 0:21:20]} 31... Nxg5 {[%clk 0:21:53]} 32. Bh4 {[%clk 0:20:45]} 32... Kg8
{[%clk 0:21:41]} 33. Bxg5 {[%clk 0:20:43]} 33... Qxg5 {[%clk 0:21:33] } 34.
Qxg5 {[%clk 0:20:49]} 34... hxg5 {[%clk 0:21:58]} 35. Rf5 {[%clk 0:20:51] }
35... g4 {[%clk 0:20:40]} 36. Rg5 {[%clk 0:21:04]} 36... Kf7 {[%clk 0:21:02]}
37. Rxg4 {[%clk 0:21:27]} 37... Bh6 {[%clk 0:21:09]} 38. Rg3 {[%clk 0:21:39]}
38... Rc8 {[%clk 0:20:47]} 39. Rf3+ {[%clk 0:21:31]} 39... Ke8 {[%clk 0:20:28]}
40. Rf6 {[%clk 0:19:25]} 40... Bf8 {[%clk 0:20:44]} 41. Nb4 {[%clk 0:19:22]}
41... Be7 {[%clk 0:19:31]} 42. Rh6 {[%clk 0:18:05]} 42... Bg5 {[%clk 0:19:20]}
43. Rh8+ {[%clk 0:18:16]} 43... Kd7 {[%clk 0:19:45]} 44. Rh7+ {[%clk 0:17:56]}
44... Ke6 {[%clk 0:19:49]} 45. Kf2 {[%clk 0:17:48]} 45... Rf8+ {[%clk 0:19:57]}
46. Ke2 {[%clk 0:18:04]} 46... Rg8 {[%clk 0:19:58]} 47. Rxc7 {[%clk 0:15:35]}
47... Bd8 {[%clk 0:19:35]} 48. Rxa7 {[%clk 0:15:35]} 48... Rxg2+ { [%clk
0:20:00]} 49. Kd3 {[%clk 0:15:18]} 49... Rb2 {[%clk 0:19:54]} 50. Nc6 { [%clk
0:15:09]} 50... Bg5 {[%clk 0:20:05]} 51. Ke4 {[%clk 0:14:45]} 51... Re2 { [%clk
0:19:55]} 52. Ra3 {[%clk 0:13:01]} 52... Rc2 {[%clk 0:20:09]} 53. Kd3 { [%clk
0:11:56]} 53... Rh2 {[%clk 0:20:31]} 54. Ra8 {[%clk 0:10:08]} 54... Rh3 { [%clk
0:20:31]} 55. Re8+ {[%clk 0:09:50]} 55... Kd7 {[%clk 0:20:54]} 56. Re4 { [%clk
0:10:01]} 56... Rh2 {[%clk 0:21:14]} 57. Rg4 {[%clk 0:10:08]} 57... Bh6 { [%clk
0:21:06]} 58. Nb4 {[%clk 0:10:04]} 58... Rb2 {[%clk 0:21:22]} 59. Nd5 { [%clk
0:10:25]} 59... Rxa2 {[%clk 0:21:13]} 60. Nxb6+ {[%clk 0:10:45]} 1-0

[Event "DEM U16 2019"]
[Site "Willingen GER"]
[Date "2019.06.13"]
[Round "7"]
[White "Nguyen, Alex Dac-Vuong"]
[Black "Dobrikov, Marco"]
[Result "0-1"]
[Termination "normal"]
[Board "3"]
[WhiteElo "2287"]
[BlackElo "2281"]
[WhiteClock "00:02:30"]
[BlackClock "00:25:08"]
[PlyCount "134"]
[WhiteFideId "12984388"]
[BlackFideId "12950378"]
[EventCountry "GER"]
[EventRounds "9"]
[EventType "swiss"]
[EventDate "2019.06.08"]

1. e4 {[%clk 1:30:57]} 1... e5 {[%clk 1:30:57]} 2. Nf3 {[%clk 1:31:22]} 2...
Nc6 {[%clk 1:31:21]} 3. Bc4 {[%clk 1:31:47]} 3... Nf6 {[%clk 1:31:47]} 4. d3 {
[%clk 1:32:11]} 4... h6 {[%clk 1:32:03]} 5. O-O {[%clk 1:31:38]} 5... d6 {
[%clk 1:32:22]} 6. a4 {[%clk 1:27:53]} 6... g5 {[%clk 1:30:20]} 7. c3 { [%clk
1:13:59]} 7... Bg7 {[%clk 1:28:42]} 8. a5 {[%clk 1:11:22]} 8... a6 { [%clk
1:28:48]} 9. Re1 {[%clk 1:05:42]} 9... O-O {[%clk 1:26:43]} 10. Qb3 { [%clk
1:02:20]} 10... Nh5 {[%clk 1:07:48]} 11. Be3 {[%clk 0:53:03]} 11... Qf6 { [%clk
1:02:53]} 12. Nfd2 {[%clk 0:45:57]} 12... Nf4 {[%clk 1:00:00]} 13. Nf1 { [%clk
0:45:30]} 13... Ne7 {[%clk 0:48:34]} 14. Qd1 {[%clk 0:37:31]} 14... Kh8 { [%clk
0:45:48]} 15. Ng3 {[%clk 0:36:44]} 15... Qg6 {[%clk 0:44:02]} 16. d4 { [%clk
0:33:14]} 16... Be6 {[%clk 0:39:12]} 17. Nd2 {[%clk 0:29:20]} 17... exd4 {[%clk
0:35:04]} 18. cxd4 {[%clk 0:28:34]} 18... d5 {[%clk 0:35:14]} 19. exd5 { [%clk
0:26:02]} 19... Nexd5 {[%clk 0:35:31]} 20. Qb3 {[%clk 0:25:25]} 20... b5 {[%clk
0:31:01]} 21. axb6 {[%clk 0:25:48]} 21... cxb6 {[%clk 0:31:11]} 22. Bxf4 {[%clk
0:20:42]} 22... Nxf4 {[%clk 0:31:37]} 23. d5 {[%clk 0:20:25]} 23... Bxd5 {[%clk
0:30:31]} 24. Bxd5 {[%clk 0:20:39]} 24... Nxd5 {[%clk 0:30:55]} 25. Qxd5 {[%clk
0:20:40]} 25... Rad8 {[%clk 0:31:23]} 26. Qe4 {[%clk 0:16:54]} 26... Rxd2
{[%clk 0:31:50]} 27. Qxg6 {[%clk 0:16:11]} 27... fxg6 {[%clk 0:32:19]} 28. Ne4
{[%clk 0:16:30]} 28... Rxb2 {[%clk 0:32:35]} 29. Rxa6 {[%clk 0:16:52]} 29...
Bd4 {[%clk 0:32:36]} 30. Ra4 {[%clk 0:13:50]} 30... Bxf2+ {[%clk 0:29:07] } 31.
Nxf2 {[%clk 0:14:16]} 31... Rbxf2 {[%clk 0:28:37]} 32. Rb4 { [%clk 0:07:42]}
32... R2f6 {[%clk 0:27:50]} 33. h3 {[%clk 0:08:10]} 33... Kg7 { [%clk 0:26:40]}
34. Re5 {[%clk 0:06:43]} 34... Kf7 {[%clk 0:26:09]} 35. Rbe4 { [%clk 0:05:29]}
35... Kg7 {[%clk 0:23:23]} 36. Re7+ {[%clk 0:05:40]} 36... R8f7 {[%clk
0:23:49]} 37. Re8 {[%clk 0:05:11]} 37... Rb7 {[%clk 0:23:51]} 38. Rb4 { [%clk
0:04:06]} 38... b5 {[%clk 0:23:16]} 39. g3 {[%clk 0:03:56]} 39... Rf5 { [%clk
0:22:20]} 40. Rc8 {[%clk 0:02:53]} 40... Rb6 {[%clk 0:21:37]} 41. Kg2 { [%clk
0:02:51]} 41... Kf7 {[%clk 0:20:08]} 42. Rb3 {[%clk 0:25:22]} 42... Ke6 { [%clk
0:45:06]} 43. Rd8 {[%clk 0:25:04]} 43... Ke7 {[%clk 0:41:03]} 44. Rd4 { [%clk
0:21:38]} 44... Rd6 {[%clk 0:39:26]} 45. Re4+ {[%clk 0:12:54]} 45... Kd7 {[%clk
0:38:58]} 46. Rc3 {[%clk 0:05:07]} 46... Rd2+ {[%clk 0:38:01]} 47. Kg1 { [%clk
0:05:32]} 47... Rfd5 {[%clk 0:37:48]} 48. Rb4 {[%clk 0:04:44]} 48... R2d4
{[%clk 0:37:28]} 49. Rbb3 {[%clk 0:04:43]} 49... b4 {[%clk 0:37:37]} 50. Rc2 {
[%clk 0:04:11]} 50... Kd6 {[%clk 0:33:40]} 51. Kf2 {[%clk 0:02:13]} 51... Rc5 {
[%clk 0:33:28]} 52. Rcb2 {[%clk 0:01:18]} 52... Rcc4 {[%clk 0:33:31]} 53. Ra2 {
[%clk 0:01:28]} 53... Rc3 {[%clk 0:31:21]} 54. Rxc3 {[%clk 0:01:11]} 54... bxc3
{[%clk 0:31:49]} 55. Ke3 {[%clk 0:01:36]} 55... Rc4 {[%clk 0:30:52]} 56. Kd3 {
[%clk 0:01:42]} 56... Rc6 {[%clk 0:29:40]} 57. Re2 {[%clk 0:00:44]} 57... Kd5 {
[%clk 0:28:29]} 58. Kc2 {[%clk 0:01:12]} 58... Kd4 {[%clk 0:28:37]} 59. Re8 {
[%clk 0:01:13]} 59... Rf6 {[%clk 0:26:35]} 60. Rd8+ {[%clk 0:01:41]} 60... Ke3
{[%clk 0:26:57]} 61. g4 {[%clk 0:01:05]} 61... Rf3 {[%clk 0:26:20]} 62. Kxc3 {
[%clk 0:01:04]} 62... Kf4+ {[%clk 0:26:35]} 63. Kd2 {[%clk 0:01:09]} 63... Rxh3
{[%clk 0:26:53]} 64. Rd4+ {[%clk 0:01:28]} 64... Kg3 {[%clk 0:25:14]} 65. Ke2 {
[%clk 0:01:48]} 65... Rh2+ {[%clk 0:24:38]} 66. Kf1 {[%clk 0:02:08]} 66... Kf3
{[%clk 0:24:48]} 67. Ke1 {[%clk 0:02:30]} 67... Ke3 {[%clk 0:25:08]} 0-1

[Event "DEM U16 2019"]
[Site "Willingen GER"]
[Date "2019.06.13"]
[Round "7"]
[White "Trifan, Andrei Ioan"]
[Black "Post, Hugo"]
[Result "1/2-1/2"]
[Termination "normal"]
[Board "5"]
[WhiteElo "2268"]
[BlackElo "2113"]
[WhiteClock "00:23:47"]
[BlackClock "00:28:32"]
[PlyCount "86"]
[WhiteFideId "12967068"]
[BlackFideId "12962490"]
[EventCountry "GER"]
[EventRounds "9"]
[EventType "swiss"]
[EventDate "2019.06.08"]

1. e4 {[%clk 1:30:50]} 1... c5 {[%clk 1:30:51]} 2. Nf3 {[%clk 1:31:12]} 2... d6
{[%clk 1:31:01]} 3. d4 {[%clk 1:31:10]} 3... cxd4 {[%clk 1:31:18]} 4. Nxd4 {
[%clk 1:31:26]} 4... Nf6 {[%clk 1:31:34]} 5. Nc3 {[%clk 1:31:38]} 5... e6 {
[%clk 1:31:45]} 6. g4 {[%clk 1:31:21]} 6... h6 {[%clk 1:31:45]} 7. h4 { [%clk
1:31:13]} 7... Nc6 {[%clk 1:31:49]} 8. Rg1 {[%clk 1:30:34]} 8... d5 { [%clk
1:31:59]} 9. exd5 {[%clk 1:29:08]} 9... Nxd5 {[%clk 1:32:23]} 10. Nxd5 { [%clk
1:28:50]} 10... exd5 {[%clk 1:32:34]} 11. Be3 {[%clk 1:27:45]} 11... Qxh4
{[%clk 1:31:38]} 12. Nb5 {[%clk 1:27:12]} 12... Qe7 {[%clk 1:30:38]} 13. Qxd5 {
[%clk 1:26:09]} 13... Be6 {[%clk 1:28:43]} 14. Qe4 {[%clk 1:25:18]} 14... O-O-O
{[%clk 1:27:10]} 15. Nxa7+ {[%clk 1:12:02]} 15... Nxa7 {[%clk 1:27:29]} 16.
Bxa7 {[%clk 1:12:26]} 16... Qc7 {[%clk 1:25:51]} 17. Rg3 {[%clk 1:00:48]} 17...
Bd5 {[%clk 1:24:03]} 18. Qf5+ {[%clk 0:57:23]} 18... Be6 {[%clk 1:24:16]} 19.
Qe4 {[%clk 0:56:59]} 19... Bd5 {[%clk 1:24:11]} 20. Qf5+ {[%clk 0:47:02]} 20...
Be6 {[%clk 1:09:06]} 21. Qb5 {[%clk 0:38:37]} 21... Bd7 {[%clk 0:42:23]} 22.
Qb3 {[%clk 0:38:42]} 22... Re8+ {[%clk 0:32:46]} 23. Be2 {[%clk 0:33:51]} 23...
Bc6 {[%clk 0:30:48]} 24. Bb6 {[%clk 0:32:00]} 24... Qf4 {[%clk 0:26:53]} 25.
Re3 {[%clk 0:26:20]} 25... Bb4+ {[%clk 0:25:26]} 26. c3 {[%clk 0:25:44]} 26...
Bd6 {[%clk 0:25:18]} 27. Bd4 {[%clk 0:24:08]} 27... Qg5 {[%clk 0:23:20]} 28.
Qxf7 {[%clk 0:14:20]} 28... Bf4 {[%clk 0:21:50]} 29. Qxg7 {[%clk 0:08:43]}
29... Bxe3 {[%clk 0:20:36]} 30. fxe3 {[%clk 0:08:57]} 30... Qh4+ { [%clk
0:11:49]} 31. Kd2 {[%clk 0:09:13]} 31... Rhg8 {[%clk 0:11:47]} 32. Qf7 { [%clk
0:06:01]} 32... Rgf8 {[%clk 0:11:48]} 33. Qc4 {[%clk 0:05:48]} 33... Rf2 {[%clk
0:11:08]} 34. b4 {[%clk 0:05:17]} 34... Qg5 {[%clk 0:06:13]} 35. Rf1 { [%clk
0:04:34]} 35... Rxf1 {[%clk 0:05:41]} 36. Bxf1 {[%clk 0:05:02]} 36... Qd5
{[%clk 0:05:29]} 37. b5 {[%clk 0:04:20]} 37... Qxc4 {[%clk 0:05:36]} 38. Bxc4 {
[%clk 0:04:49]} 38... Bd7 {[%clk 0:05:33]} 39. Bg7 {[%clk 0:04:57]} 39... Re4 {
[%clk 0:05:40]} 40. Bd3 {[%clk 0:03:20]} 40... Rxg4 {[%clk 0:03:48]} 41. Bxh6 {
[%clk 0:03:33]} 41... Rg2+ {[%clk 0:03:43]} 42. Kc1 {[%clk 0:23:56]} 42... Rxa2
{[%clk 0:33:53]} 43. Bf4 {[%clk 0:23:47]} 43... Rg2 {[%clk 0:28:32]} 1/2-1/2